[Event "GBR-ch Soanes op 104th"]
[Site "Llandudno"]
[Date "2017.07.30"]
[Round "4"]
[White "Finn, Thomas"]
[Black "O'Gorman, Brendan"]
[Result "1/2-1/2"]
[WhiteElo "1751"]
[BlackElo "1702"]
[PlyCount "54"]
[EventDate "2017.07.28"]
[EventType "swiss"]
[EventRounds "5"]
[EventCountry "WLS"]
[SourceTitle "EXT 2019"]
[Source "ChessBase"]
[SourceDate "2018.10.10"]
[SourceVersion "1"]
[SourceVersionDate "2018.10.10"]
[SourceQuality "1"]

1. Nc3 c5 2. e4 e6 3. Nf3 d5 4. exd5 exd5 5. d4 Nf6 6. Bg5 Be7 7. Bb5+ Nc6 8. 0-0 0-0 9. Re1 Be6 10. Qd2 cxd4 11. Nxd4 Nxd4 12. Qxd4 a6 13. Ba4 h6 14. Bh4 Rc8 15. Bb3 Qd7 16. Rad1 Rfe8 17. Qd2 Rcd8 18. Ba4 b5 19. Bb3 Ne4 20. Nxe4 Bxh4 21. Nc5 Qc8 22. Nxe6 Rxe6 23. c3 Rxe1+ 24. Rxe1 Qf5 25. Bc2 Qc8 26. Qd3 g6 27. Re5 Qc4 1/2-1/2

[Event "GBR-ch Soanes op 104th"]
[Site "Llandudno"]
[Date "2017.07.29"]
[Round "2"]
[White "Finn, Thomas"]
[Black "Czestochowski, Eddie"]
[Result "1-0"]
[WhiteElo "1751"]
[BlackElo "1675"]
[PlyCount "91"]
[EventDate "2017.07.28"]
[EventType "swiss"]
[EventRounds "5"]
[EventCountry "WLS"]
[SourceTitle "EXT 2019"]
[Source "ChessBase"]
[SourceDate "2018.10.10"]
[SourceVersion "1"]
[SourceVersionDate "2018.10.10"]
[SourceQuality "1"]

1. Nc3 Nf6 2. e4 d6 3. d4 Nbd7 4. Nf3 e5 5. Bc4 Be7 6. 0-0 h6 7. Re1 c6 8. Bb3 Qc7 9. Qe2 b5 10. d5 b4 11. dxc6 bxc3 12. cxd7+ Bxd7 13. bxc3 Qxc3 14. Bd2 Qc7 15. Rad1 0-0 16. Qd3 Bc6 17. c4 Qb7 18. Bc2 Nd7 19. Rb1 Qc7 20. Bb4 Nc5 21. Qc3 Na4 22. Bxa4 Bxa4 23. Qa3 a5 24. Bxd6 Bxd6 25. Qxa4 Rab8 26. Qc2 Rfc8 27. Rxb8 Rxb8 28. Rd1 Ba3 29. Qd3 Bd6 30. h3 Rd8 31. Nxe5 f6 32. Qd5+ Kh7 33. c5 Be7 34. Nd7 Rxd7 35. Qxd7 Qxd7 36. Rxd7 Bxc5 37. Rd5 Bb6 38. Rb5 Bd8 39. Kf1 Kg6 40. g4 Kf7 41. Rd5 Ke7 42. Ke2 Bc7 43. Kd3 g5 44. Kc4 Ke6 45. Kb5 f5 46. Rxf5 1-0

[Event "Frydek-Mistek U15"]
[Site "Frydek Mistek"]
[Date "2015.04.03"]
[Round "4"]
[White "Ludvik, Tomas"]
[Black "Finn, Thomas"]
[Result "1-0"]
[WhiteElo "1726"]
[BlackElo "1596"]
[PlyCount "65"]
[EventDate "2015.04.02"]
[EventType "swiss"]
[EventRounds "8"]
[EventCountry "CZE"]
[SourceTitle "EXT 2016"]
[Source "ChessBase"]
[SourceDate "2015.10.08"]
[SourceVersion "1"]
[SourceVersionDate "2015.10.08"]
[SourceQuality "1"]

1. d4 d5 2. c4 e6 3. Nc3 Nf6 4. cxd5 exd5 5. Bg5 Nbd7 6. e3 c6 7. Nf3 Bb4 8. Qc2 Qa5 9. Nd2 Qc7 10. Bd3 a6 11. Bf4 Bd6 12. Bxd6 Qxd6 13. Nf3 0-0 14. 0-0 Re8 15. Rab1 a5 16. a3 b6 17. b4 Bb7 18. Rfc1 Rec8 19. Na4 b5 20. Nc5 Nxc5 21. dxc5 Qe7 22. Ra1 h6 23. Nd4 Ra7 24. Ra2 Rca8 25. Rca1 Qe5 26. h3 Ne4 27. f4 Qe8 28. Nb3 Nc3 29. Qxc3 Qxe3+ 30. Kh1 Qxf4 31. Nxa5 Re8 32. Rf1 Qh4 33. Re2 1-0

[Event "Gatwick e2e4 Major op"]
[Site "Gatwick"]
[Date "2013.10.29"]
[Round "7"]
[White "Sivarajasingam, Shayanna"]
[Black "Finn, Thomas"]
[Result "0-1"]
[WhiteElo "1441"]
[BlackElo "1600"]
[PlyCount "86"]
[EventDate "2013.10.26"]
[EventType "swiss"]
[EventRounds "9"]
[EventCountry "ENG"]
[SourceTitle "EXT 2015"]
[Source "ChessBase"]
[SourceDate "2014.11.20"]
[SourceVersion "1"]
[SourceVersionDate "2014.11.20"]
[SourceQuality "1"]

1. e4 e5 2. Nf3 Nc6 3. Nc3 Nf6 4. d4 exd4 5. Nxd4 Bb4 6. Nxc6 bxc6 7. Bd3 0-0 8. 0-0 Re8 9. Qf3 Bxc3 10. bxc3 h6 11. Re1 d6 12. Bf4 Be6 13. c4 c5 14. h3 Rb8 15. Rad1 Qe7 16. e5 dxe5 17. Bxe5 Rb6 18. Bxf6 Qxf6 19. Qxf6 gxf6 20. Bf5 Kf8 21. Bxe6 fxe6 22. Rb1 Kf7 23. g3 Rd8 24. Red1 Rd4 25. Kg2 Rxc4 26. Rxb6 axb6 27. Rd7+ Kg6 28. Rxc7 Rxc2 29. Rc6 Rxa2 30. Rxb6 e5 31. Rc6 Rc2 32. Kf3 c4 33. Ke3 c3 34. f3 Kf5 35. h4 h5 36. Rc5 Rg2 37. Rxc3 Rxg3 38. Rc4 Rg1 39. Ke2 Rg7 40. Re4 Rd7 41. Ke3 Rd4 42. Rxd4 exd4+ 43. Kxd4 Kf4 0-1

[Event "Gatwick e2e4 Major op"]
[Site "Gatwick"]
[Date "2013.10.27"]
[Round "2"]
[White "Finn, Thomas"]
[Black "Spooner, Keith C"]
[Result "0-1"]
[WhiteElo "1600"]
[BlackElo "1492"]
[PlyCount "64"]
[EventDate "2013.10.26"]
[EventType "swiss"]
[EventRounds "9"]
[EventCountry "ENG"]
[SourceTitle "EXT 2015"]
[Source "ChessBase"]
[SourceDate "2014.11.20"]
[SourceVersion "1"]
[SourceVersionDate "2014.11.20"]
[SourceQuality "1"]

1. Nf3 g6 2. g3 Bg7 3. Bg2 Nf6 4. 0-0 c6 5. b3 d5 6. Bb2 Nbd7 7. Nc3 e5 8. d3 0-0 9. e4 d4 10. Ne2 Re8 11. Nd2 Nb6 12. f4 Ng4 13. Rf3 Ne3 14. Qc1 Bg4 15. Rf2 Bxe2 16. Rxe2 exf4 17. gxf4 f5 18. Nf1 Nxg2 19. Kxg2 fxe4 20. dxe4 c5 21. Ng3 Nd5 22. exd5 Qxd5+ 23. Kg1 Rxe2 24. Nxe2 Re8 25. Ng3 h5 26. Qf1 h4 27. Nh1 Qf5 28. Qf2 Qg4+ 29. Qg2 Qxf4 30. Qxg6 Re5 31. Bc1 Re1+ 32. Kg2 Qf1# 0-1